=LDR 00000nam 2200000 4500 =001 000263 =005 20250710122850 =035 ##$$a 0010-0725000098 =245 1#$$a Ela, si kecil yang baik hati /$c Zuddi Ichwan Priyana =100 #$$a Zuddi Ichwan Priyana =250 ##$$a Cetakan Pertama =300 ##$$a 24 hlm. : $b Ilus. ; $c 29 cm. =856 ##$$a TBM AS SUHADA =260 ##$$a Rawamangun :$b Badan Pengembangan dan Pembinaan Bahasa,$c 2022 =082 ##$$a 398.209.598 =084 ##$$a 398.209.598 ICH e =020 ##$$a 978-623-118-831-1 =650 #4$$a Cerita Anak Indonesia - Terjemahan =650 #4$$a Literasi - Bahan bacaan